TEXTBOOK OF ORTHODONTICS (Record no. 4838)

MARC details
000 -LEADER
fixed length control field 00322nam a2200133Ia 4500
008 - FIXED-LENGTH DATA ELEMENTS--GENERAL INFORMATION
fixed length control field 150201s2014 xx 000 0 und d
082 ## - DEWEY DECIMAL CLASSIFICATION NUMBER
Classification number 617.643
Item number O2011S
100 ## - MAIN ENTRY--PERSONAL NAME
Personal name S.GOWRI SHANKAR
245 ## - TITLE STATEMENT
Title TEXTBOOK OF ORTHODONTICS
250 ## - EDITION STATEMENT
Edition statement 1ST
260 ## - PUBLICATION, DISTRIBUTION, ETC. (IMPRINT)
Name of publisher, distributor, etc. PARAS PUBLICATION
650 ## - SUBJECT ADDED ENTRY--TOPICAL TERM
Topical term or geographic name as entry element ORTHODONTICS
942 ## - ADDED ENTRY ELEMENTS (KOHA)
Source of classification or shelving scheme Dewey Decimal Classification
Koha item type Books
Koha issues (borrowed), all copies 66
Holdings
Withdrawn status Lost status Source of classification or shelving scheme Damaged status Not for loan Home library Current library Date acquired Serial Enumeration / chronology SGTU Total Checkouts Full call number Barcode Date last seen Date last checked out Bill Date Koha item type Total Renewals
    Dewey Decimal Classification     SGT Dental Library SGT Dental Library 06/11/2014 1 SGTU 68 617.643 O2011S FD6976 06/10/2025 06/10/2025 09/02/2015 Books  
    Dewey Decimal Classification     SGT Dental Library SGT Dental Library 06/11/2014 1 SGTU 121 617.643 O2011S FD6977 06/10/2025 06/10/2025 09/02/2015 Books  
    Dewey Decimal Classification     SGT Dental Library SGT Dental Library 06/11/2014 1 SGTU 43 617.643 O2011S FD6978 08/09/2025 08/09/2025 09/02/2015 Books 1
    Dewey Decimal Classification     SGT Dental Library SGT Dental Library 06/11/2014 1 SGTU 88 617.643 O2011S FD6979 15/09/2025 15/09/2025 09/02/2015 Books  
    Dewey Decimal Classification     SGT Dental Library SGT Dental Library 06/11/2014 1 SGTU 82 617.643 O2011S FD6980 23/03/2026 23/03/2026 09/02/2015 Books